005050000a2200097000450024502240000030000540022477300140027894200080029295200900030099900170039010aJuan chasco : Si el gobierno hubiera reconocido desde el principio que eran ejercicios militares, que podrían terminar en la construcción de una escuelita, todo el mundo se habría evitado la embarrada de Juanchaco aVol. 36, Num. 36 (Febrero, 1994), Páginas 14-190 tCambio 16 cANA 001040708HEMaFUSBCbFUSBCd2016-01-26l0o r2016-01-26 00:00:00w2016-01-26yANA c58388d58388